000 01037nam a22001937a 4500
005 20120215152347.0
020 _a9788181467614
_c115.00
082 _a
100 _aमीरा श्रीराम
_942174
245 _aदीनाबेन और गीर के शेर /
_cमीरा श्रीराम एवं प्रभा राम;प्रिया कृष्णन द्वारा अनुदित
260 _aचैन्नई
_bतूलिका पब्लिशिंग
_c2009
270 _a13, पृथ्वी ऐवन्यु,अभिरमपुरम
_bचैन्नई
_e600018
300 _aअ.पृ
_bसचित्र
_c18सेमी (अजिल्द)
700 _942026
_aप्रभा राम
700 _942095
_aप्रिया कृष्णन
700 _942167
942 _2ddc
_cCH
_h
_mमीराश्री
999 _c62890
_d62890